000 00409nam a22001337a 4500
008 150304b xxu||||| |||| 00| 0 eng d
050 _aQA9.F34
100 _aFang, J
_915731
245 _aBourbaki:
_btowards a philosophy of modern mathematics
_c/ by Joong, Fang
260 _aNew York
_bPAIDEIA Press
_c1970
300 _a144p.
_c24cm.
650 _aMathematics
_xPhilosophy
_915732
942 _2lcc
_cMONOGRAPH
999 _c122259
_d122259